| 000 | 01643cam a2200385 a 4500 | ||
|---|---|---|---|
| 001 | 15244680 | ||
| 003 | OSt | ||
| 005 | 20231204132635.0 | ||
| 008 | 080402r20082007enka b 001 0 eng | ||
| 010 | _a 2008015067 | ||
| 015 |
_aGBA847567 _2bnb |
||
| 016 | 7 |
_a014566427 _2Uk |
|
| 020 | _a9780230553446 (alk. paper) | ||
| 020 | _a0230553443 (alk. paper) | ||
| 035 |
_a(OCoLC)219570001 _z(OCoLC)154788755 |
||
| 035 | _a(OCoLC)ocn219570001 | ||
| 040 |
_aDLC _cDLC _dBAKER _dBTCTA _dOCLCG _dC#P _dYDXCP _dBWX _dCDX _dUKM _dDLC |
||
| 043 | _aa-ii--- | ||
| 050 | 0 | 0 |
_aHQ1742 _b.B44 2008 |
| 082 | 0 | 0 |
_a305.488914 _bGHO/B |
| 245 | 0 | 0 |
_aBehind the veil : _bresistance, women and the everyday in colonial South Asia / _cedited by Anindita Ghosh. |
| 260 |
_aHoundmills, Basingstoke, Hampshire ; _aNew York : _bPalgrave Macmillan, _c2008. |
||
| 300 |
_ax, 233 p. : _bill. ; _c23 cm. |
||
| 500 | _aOriginally published: Delhi : Permanent Black, 2007. | ||
| 504 | _aIncludes bibliographical references and index. | ||
| 650 | 0 |
_aFeminism _zIndia _xHistory. |
|
| 650 | 0 |
_aWomen _zIndia _xHistory. |
|
| 650 | 0 |
_aWomen _zIndia _xSocial conditions. |
|
| 700 | 1 |
_aGhosh, Anindita, _d1967- |
|
| 856 | 4 | 2 |
_3Contributor biographical information _uhttp://www.loc.gov/catdir/enhancements/fy0828/2008015067-b.html |
| 856 | 4 | 1 |
_3Table of contents only _uhttp://www.loc.gov/catdir/enhancements/fy0828/2008015067-t.html |
| 906 |
_a7 _bcbc _corignew _d1 _eecip _f20 _gy-gencatlg |
||
| 942 |
_2ddc _cBK _h305.488914 _iGHO/B _k305.488914 _mGHO/B |
||
| 999 |
_c43869 _d43869 |
||